[Event "Tripoli Four Seasons-B"]
[Site "Tripoli"]
[Date "2020.03.11"]
[Round "3"]
[White "Zarrough, Abdulmotaleb A"]
[Black "Faranka, Khaled"]
[Result "1/2-1/2"]
[WhiteElo "1658"]
[BlackElo "1748"]
[PlyCount "102"]
[EventDate "2020.03.09"]
[EventType "tourn"]
[EventRounds "9"]
[EventCountry "LBY"]
[SourceTitle "CBM 195 Extra"]
[Source "ChessBase"]
[SourceDate "2020.05.31"]
[SourceVersion "1"]
[SourceVersionDate "2020.05.31"]
[SourceQuality "1"]

1. d4 Nf6 2. c4 g6 3. Nc3 Bg7 4. Nf3 d5 5. Bg5 c6 6. e3 0-0 7. Be2 Nbd7 8. Qc2 Re8 9. 0-0 Qa5 10. cxd5 Nxd5 11. Nxd5 cxd5 12. a3 a6 13. Rac1 Nf6 14. Qb3 Ne4 15. Bf4 Nd6 16. Rc5 b5 17. Rfc1 Bb7 18. Rc7 Rac8 19. Bxd6 exd6 20. Rxc8 Rxc8 21. Rxc8+ Bxc8 22. Qxd5 Qc7 23. Bf1 Bb7 24. Qb3 Bxf3 25. gxf3 Qc6 26. Qd1 Qd5 27. Bg2 Qc4 28. Bf1 Qd5 29. f4 h6 30. Qc2 Qb7 31. Bg2 Qd7 32. Qe4 Qc8 33. Qb1 Bf6 34. b3 Qc3 35. a4 Bh4 36. Qa2 b4 37. a5 Qc1+ 38. Bf1 Qa3 39. Qc2 Qxa5 40. Qc8+ Kg7 41. Qxa6 Qa3 42. Qc4 Qb2 43. Be2 Qd2 44. Kf1 Kf8 45. Qd3 Qc1+ 46. Qd1 Qc8 47. Kg2 Qc3 48. Bc4 Qb2 49. Qf3 Qd2 50. Qe2 Qxe2 51. Bxe2 Ke7 1/2-1/2